Word ladder 44 Quiz Stats

 Plays Quiz not verified by Sporcle

Support Sporcle.
Go Orange.
Score 0/23 Timer 10:00
0 Plays Today
% Correct
???
80.6%
???
61.1%
???
52.8%
???
50%
???
41.7%
???
38.9%
???
16.7%
???
11.1%
???
8.3%
???
8.3%
???
5.6%
???
5.6%
% Correct
???
2.8%
???
2.8%
???
2.8%
???
2.8%
???
2.8%
???
2.8%
???
2.8%
???
2.8%
???
2.8%
???
2.8%
???
2.8%

You're not logged in!

Compare scores with friends on all Sporcle quizzes.
OR
Log In

From the Vault

Animal Blitz 7-to-1

by samc67

Geez guys, couldn't you at least coordinate to look in the same direction while the picture was being taken?
Remove Ads.
Support Sporcle.
Get the best of Sporcle when you Go Orange. This ad-free experience offers more features, more stats, and more fun while also helping to support Sporcle. Thank you for becoming a member.

Show Comments

Extras

Created Oct 17, 2013ReportNominate
Tags:Clickable Quiz

Top Quizzes Today


Score Distribution

Your Account Isn't Verified!

In order to create a playlist on Sporcle, you need to verify the email address you used during registration. Go to your Sporcle Settings to finish the process.

Report this User

Report this user for behavior that violates our Community Guidelines.

Details: